| 000 | 00563nam a22001697a 4500 | ||
|---|---|---|---|
| 999 |
_c216410 _d216410 |
||
| 005 | 20260306113257.0 | ||
| 008 | 260306b ||||| |||| 00| 0 eng d | ||
| 040 |
_aLC _cUNZA _dUNZA _eRDA |
||
| 099 | _aGOV.ZAM (02) 2024 | ||
| 110 | _aZambia Metrology Agency | ||
| 245 |
_a2024 Annual report : _bfor confindency in measurements / _cZambia Metrology Agency |
||
| 260 |
_aLusaka : _bZambia Metrology Agency, _c2024. |
||
| 300 |
_a44 pages : _billustrations. |
||
| 650 | _a: Zambia Metrology Agency. | ||
| 650 |
_aPlanning _xMetrology _zZambia. |
||
| 942 | _cGOV-PUBS | ||